Countries That Border Russia - Statistics

General Stats
  • This quiz has been taken 35 times
  • The average score is 13 of 14
Answer Stats
Answer % Correct
Estonia
100%
Latvia
100%
Lithuania
97%
Ukraine
97%
Belarus
94%
China
94%
Georgia
94%
Kazakhstan
94%
Mongolia
94%
Azerbaijan
91%
Finland
91%
North Korea
88%
Poland
79%
Norway
74%
No matching quizzes found
Score Distribution
Percent of People with Each Score
Percentile by Number Answered
Your Score History
You have not taken this quiz